Corporate social responsibility and the UK construction industry (Record no. 77872)
[ view plain ]
| 000 -LEADER | |
|---|---|
| fixed length control field | 01011cab a2200217 4500 |
| 001 - CONTROL NUMBER | |
| control field | ##L135341 |
| 008 - FIXED-LENGTH DATA ELEMENTS--GENERAL INFORMATION | |
| fixed length control field | 061016n2006 000 0 eng u |
| 035 ## - SYSTEM CONTROL NUMBER | |
| System control number | (Sirsi) u135341 |
| 041 0# - LANGUAGE CODE | |
| Language code of text/sound track or separate title | eng |
| 100 1# - MAIN ENTRY--PERSONAL NAME | |
| Personal name | Jones, Peter |
| 245 00 - TITLE STATEMENT | |
| Title | Corporate social responsibility and the UK construction industry |
| 260 3# - PUBLICATION, DISTRIBUTION, ETC. | |
| Place of publication, distribution, etc. | London |
| Name of publisher, distributor, etc. | Emerald Group |
| Date of publication, distribution, etc. | 2006 |
| 490 #0 - SERIES STATEMENT | |
| Series statement | Journal of Corporate Real Estate |
| Volume/sequential designation | 8(3)2006, 134-150(17) |
| 520 ## - SUMMARY, ETC. | |
| Summary, etc. | Offers a preliminary exploration of the Corporate Social Responsibility (CSR) issues being addressed and reported by some of the UK's leading construction companies. Begins with a short discussion of the characteristics and origins of CSR and follows with a brief outline of the construction industry and some of the challenges it is currently facing. |
| 590 ## - LOCAL NOTE (RLIN) | |
| Local note | IKA311006 |
| 651 #4 - SUBJECT ADDED ENTRY--GEOGRAPHIC NAME | |
| Geographic name | United Kingdom |
| Chronological subdivision | |
| 690 ## - LOCAL SUBJECT ADDED ENTRY--TOPICAL TERM (OCLC, RLIN) | |
| Topical term or geographic name as entry element | MANAGEMENT-BUSINESS MANAGEMENT-BUSINESS ETHICS-CORPORATE SOCIAL RESPONSIBILITY |
| 700 2# - ADDED ENTRY--PERSONAL NAME | |
| Personal name | Comfort, Daphne |
| 700 2# - ADDED ENTRY--PERSONAL NAME | |
| Personal name | Hillier, David |
| 942 ## - ADDED ENTRY ELEMENTS (KOHA) | |
| Suppress in OPAC | 0 |
| Withdrawn status | Lost status | Source of classification or shelving scheme | Damaged status | Not for loan | Home library | Current library | Shelving location | Date acquired | Total Checkouts | Full call number | Barcode | Date last seen | Copy number | Price effective from | Koha item type |
|---|---|---|---|---|---|---|---|---|---|---|---|---|---|---|---|
| Dewey Decimal Classification | London | London | Journal article | 16/10/2006 | L135341 | 135341-1001 | 06/08/2019 | 1 | 06/08/2019 | Journal article |